000 00717nam a2200253Ia 4500
003 OSt
005 20220924115012.0
006 a|||||r|||| 00| 0
007 ta
008 220923b |||||||| |||| 00| 0 san d
024 _a13590
037 _cTextual
040 _aARTS
_cARTS
_bsan
041 _2san
_asan
082 _a/\22, 15H1
100 _aPurnananda
_9176417
245 0 _aSatcakra nirupana and padukapancaka ed by Taranatha Vidyaratna
260 _aCalcutta
_bSanskrit book depot
_c1941
300 _a110
_ccm.
490 _aTantrik texts series ed by Arthur Avalon; 2
650 _aSPIRurdALISM
942 _h/\22, 15H1
_cTEXL
_2CC
999 _c396353
_d396353